000
002340000a22000970004500
100
1
_a
Neira, Armando
245
1
0
_a
Mujeres al borde de un ataque
300
_a
Vol. 23, Núm 23 (1993), Páginas 14-23
773
0
_t
Cambio 16
942
_c
ANA
999
_c
58334
_d
58334